| 000 | 00510nam a2200121Ia 4500 | ||
|---|---|---|---|
| 008 | 220615s9999||||xx |||||||||||||| ||und|| | ||
| 100 | _aNdzovu, Hassan | ||
| 245 | 0 |
_aMuslims in Kenyan Politics _bPolitical Involvement, Marginalization, and Minority Status |
|
| 546 | _aEnglish[eng] | ||
| 650 | _aHistory||Arabs||Islam||Kadhi courts||Kenya||Muslims | ||
| 856 | _uhttps://library.oapen.org/bitstream/20.500.12657/31395/1/628770.pdf||https://library.oapen.org/bitstream/20.500.12657/31395/1/628770.pdf | ||
| 942 | _cEB | ||
| 999 |
_c9296 _d9296 |
||